Slovenské muzeum v Turčianskom Sv. Martine

Článok o vzniku národného múzea v Martine

Bibliographic Details
Main Author: Škultéty, Jozef, 1853-1948 (Author)
Format: Manuscript Book
Language:Slovak
Hungarian
PhysicalDescription:8 strán, 1 nečíslovaná strana rukopis, voľné listy 21 cm
Vydané aj v tlačenej forme
Published: [Martin] [1925?]
Subjects:

MARC

LEADER 00000ntmaa2200000 a 4500
001 vtls012269255
003 SK-MaSNL
005 20260425225648.0
008 250113s1925 xo || 000 1dslo
040 |a SNKLA  |b slo  |c SNKLA  |e AACR2 
041 0 |a slo  |a hun 
044 |a xo  |c SK 
072 7 |a 069  |x Múzeá. Muzeológia. Múzejníctvo. Výstavy  |2 konspekt 
080 |a 025.171  |2 2011 
080 |a 069(091)  |2 2011 
080 |a (046)  |2 2011 
100 1 |a Škultéty, Jozef,  |d 1853-1948  |4 aut  |9 189198 
245 1 0 |a Slovenské muzeum v Turčianskom Sv. Martine  |c Jozef Škultéty 
246 3 3 |a Slovenské muzeum v Turčianskom Svätom Martine 
260 |a [Martin]  |c [1925?] 
300 |a 8 strán, 1 nečíslovaná strana  |b rukopis, voľné listy  |c 21 cm 
520 2 |a Článok o vzniku národného múzea v Martine 
530 |a Vydané aj v tlačenej forme 
546 |a Napísané slovensky, ojedinelé výrazy maďarsky 
555 0 |a Inventár rukopisov Literárneho archívu Matice slovenskej X. Fondy 46 - 51. Martin : Matica slovenská 1981 
561 |a Okrúhla pečiatka: Matica slovenská Martin Literárny archív 
610 2 7 |a Slovenské národné múzeum  |2 SNKKA  |9 32460 
650 0 7 |a dejiny múzeí  |2 SNKPH  |9 117809 
651 7 |a Martin (Slovensko)  |2 SNKPHgeo  |9 16875 
655 7 |a rukopisy  |2 SNKPH  |9 70548 
655 7 |a články  |2 SNKPH  |9 70601 
787 0 8 |i Vydané v:  |t Sborník Museálnej slovenskej spoločnosti  |g Roč. 20, č. 1 (1926), s. 60-63 
852 |a SNK  |b Literárny archív 
958 |a OF 
958 |a LAVD 
999 |c 655351  |d 657281 
952 |a SNKLA  |b SNKLA  |c SNKLA_DEP  |y NEVYP  |7 0  |p 17A1230903  |o snk49 CO 15  |0 0  |1 0  |4 0  |d 2025-01-13  |f 1  |l 0  |r 2026-02-23 18:35:07  |w 2026-02-23